LEADER 01099nam a2200265 i 4500 001 000000045064 003 CaOOAMICUS 005 20091112000000.0 008 091112s1967 it u000 u ita u 013 $a16234 040 $aSeMil$bita 100 1 $aCalmel, Roger-Thomas,$c.$0(OLS)http://semarc/name/22439 240 10$aThéologie de l'histoire.$0(OLS)http://semarc/title/62328 245 10$aPer una teologia della storia /$cR. Th. Calmel. 260 $aTorino :$bBorla,$c1967. 300 $a190 p. ;$c21 cm. 490 0 $aLe idee e la vita ;$v35 650 4$aTeologia della storia.$0(OLS)http://semarc/subject/9250 650 4$aStoria - Concezione cristiana.$0(OLS)http://semarc/subject/9113 700 1 $aArdy, G.R.$0(OLS)http://semarc/name/22440 830 3$aLe idee e la vita ;$v35.$0(OLS)http://semarc/title/6393 850 $aSeMil 852 $aSeMil$W1$xVenegono$y1$m2B V 240$j11219$B11219$CSeMilBibl$Z2$F11219 $81 996 $6245$aPer una teologia della storia$9(OLS)http://semarc/title/66881 996 $6260$aTorino :$bBorla$9(OLS)http://semarc/publisher/29913 LEADER 01003nam a2200265 i 4500 001 000000245622 003 CaOOAMICUS 005 20151012000000.0 008 151012s1927 it u000 u ita u 013 $a224527 040 $aSeMil$bita 245 10$aFigure di Monaci. 300 $a275 p. :$bill. 500 $aFondo card. Giovanni Colombo. 600 04$aPacomio .$0(OLS)http://semarc/subject/6914 650 4$aAgiografia.$0(OLS)http://semarc/subject/327 700 1 $aAngeli, Antonio.$0(OLS)http://semarc/name/15049 700 1 $aKirch, Konrad.$0(OLS)http://semarc/name/15048 773 0 $tEroi del cristianesimo.$dFirenze : Libreria Editrice Fiorentina, [192?]$g4$w()32642 773 0 $tDall'Antichità cristiana.$gParte4$w()32643 850 $aSeMil 852 $aSeMil$W1$xVenegono$y1$m3GC VI 413/4$j195968$B195968$CSeMilBibl$Z2$F206693 $8B 941 1 $a3 961 $aLascito: Colombo Card. Giovanni 996 $6245$aFigure di Monaci$9(OLS)http://semarc/title/347227